000 01290nam0a22003131 4500
001 rc\3408802
005 20130115140231.2
021 _aRU
_b[70-8661]
035 _a(NLR Aleph) 007576987
090 _a5466905
_c5466905
100 _a20130115d1969 |||y0rusy50 ca
101 0 _arus
102 _aRU
105 _ay j |||||
200 1 _aРусский язык
_eУчебник для ст. классов нац. школ
_fПод ред. С.Г. Бархударова и К.А. Гадельшина
205 _a2-е изд.
210 _aЛенинград
_cПросвещение. Ленингр. отд-ние
_d1969
215 _a336 с.
_d22
300 _aПеред загл. авт.: К.А. Гадельшин, М.Н. Мангадаев, Г.Н. Никольская и др.
606 _aРусский язык
_jУчебники и пособия для нерусских школ
_2psbo
701 1 _aГадельшин
_bК. А.
_gКамельян Атауллович
_4340
701 1 _aМангадаев
_bМ. Н.
701 1 _aНикольская
_bГ. Н.
702 1 _aБархударов
_bС. Г.
_gСтепан Григорьевич
_4340
801 0 _aRU
_bNLR
_gpsbo
801 1 _aRU
_bELAR
_2rusmarc
852 _aNLR
_j69-5/7283
942 _cBOOK
980 _aNB